[Event "Tata Steel-A 76th"]
[Site "Wijk aan Zee"]
[Date "2014.01.12"]
[Round "2"]
[White "Giri, Anish"]
[Black "Naiditsch, Arkadij"]
[Result "1-0"]
[WhiteElo "2734"]
[BlackElo "2718"]
[Annotator "Krasenkow,M"]
[PlyCount "65"]
[EventDate "2014.01.11"]
[EventType "tourn"]
[EventRounds "11"]
[EventCountry "NED"]
[EventCategory "20"]
[SourceTitle "CBM 159"]
[Source "ChessBase"]
[SourceDate "2014.03.17"]
[SourceVersion "1"]
[SourceVersionDate "2014.03.17"]
[SourceQuality "1"]

1. d4 Nf6 2. c4 e6 3. Nf3 Bb4+ 4. Nbd2 O-O 5. a3 Be7 6. e4 d5 7. e5 Nfd7 8. Bd3
c5 9. h4 g6 10. h5 cxd4 11. Qc2 Nc5 {This system was examined in CBM 157 (an
article by Dejan Antic). It is very likely that after the present game Black
will be forced to look for something else.} 12. cxd5 $5 {This move is not as
harmless as it was considered to be before this game.} (12. hxg6 Nxd3+ 13. Qxd3
fxg6 14. Nxd4 Nc6 15. Nxc6 bxc6 16. Qh3 Rf7 $15 {1/2 (84) Shulman,Y (2571)
-Kaidanov,G (2594) Saint Louis 2012}) (12. Be2 Nc6 (12... d3 $5) 13. b4 d3 14.
Bxd3 Nxd3+ 15. Qxd3 dxc4 16. Qxc4 Qd5 17. hxg6 fxg6 $11 {1/2 (40) Ding,L (2654)
-So,W (2658) Khanty-Mansiysk 2011}) (12. Bf1 d3 13. Bxd3 Nxd3+ 14. Qxd3 dxc4 $6
(14... b6 $5 {D.Antic}) 15. Qe3 (15. Qxd8 Rxd8 16. hxg6 fxg6 17. Ne4 Nc6 18.
Bg5 $44 {1/2 (33) Fabian,G (2336)-Mareco,S (2580) Villa Martelli 2013}) 15...
g5 16. Nxc4 (16. Ne4 h6 17. Nfxg5 hxg5 18. Qg3 Kh8 19. Bxg5 Bxg5 20. Nxg5 {
1-0 (29) Cheparinov,I (2710)-Mchedlishvili,M (2639) Leon 2012} Qd3 $17) 16...
Qd5 17. Qe2 $14 {D.Antic}) 12... Nxd3+ $146 {Recommended by D.Antic.} (12...
exd5 $143 13. Nxd4 Nc6 14. N2f3 Nxd4 15. Nxd4 Qc7 16. Bf4 Nxd3+ 17. Qxd3 Qc4
18. Qxc4 dxc4 19. Rc1 $14 {1-0 (43) Smirnov,P (2628)-Landa,K (2642) Loo 2013})
13. Qxd3 Qxd5 (13... exd5 14. Nxd4 $14) 14. Ne4 Nc6 (14... Nd7 $144) 15. Bh6 (
15. Bg5 {is premature due to} Nxe5 16. Nxe5 Bxg5) 15... Qa5+ $6 (15... Nxe5 16.
Nxe5 Qxe5 17. f4 Qa5+ 18. b4 $16 Bxb4+ $2 19. Kf2) (15... Re8 {should be tried.
A possible line:} 16. Bg5 $1 Nxe5 (16... Bxg5 17. Nfxg5 Qxe5 18. hxg6 hxg6 19.
Nh7 $1) 17. Nxe5 Qxe5 (17... Bxg5 18. Nxf7 $1 Kxf7 19. hxg6+ hxg6 20. Rh7+ Kf8
21. Qf3+ Qf5 22. Rh8+ $18) 18. f4 Qa5+ 19. Kf2 $44) 16. Qd2 Qxd2+ 17. Kxd2 Rd8
18. hxg6 fxg6 19. Bg5 $1 {[%mdl 32] A strong move, weakening the dark squares
in Black's camp.} h5 (19... Bxg5+ 20. Nfxg5 $1 h5 21. Nf6+ (21. g4 {leads to
the game continuation}) 21... Kg7 22. f4 $16) 20. g4 $6 (20. Bxe7 $142 Nxe7 21.
g4 $16) 20... Bxg5+ 21. Nfxg5 $6 (21. Nexg5 $5 hxg4 $140 22. Rh6 $1 gxf3 23.
Rah1 {(M.Notkin)}) 21... Nxe5 22. gxh5 Nc4+ (22... b5 23. hxg6 Bb7 24. Rh7 Bxe4
25. Nxe4 Rf8 26. Rah1 Nxg6 27. Rb7 Rf7 28. Rxb5 $16 {[%csl Ge4]}) 23. Ke1 Bd7 (
23... gxh5 24. Rc1 $1 Nd6 25. Rc7 Ne8 26. Re7 $16) 24. b3 Na5 $2 (24... Ne5
$142 $1 {(M.Notkin)} 25. hxg6 Bc6 26. Rh7 Rf8 27. g7 Bxe4 28. gxf8=Q+ Rxf8 29.
Rh3 Nd3+ 30. Rxd3 Bxd3 31. Nxe6 Re8 32. Kd2 Rxe6 33. Kxd3 Rf6 $1 $11) 25. Rc1
$1 {[%cal Rc1c7][%mdl 128]} (25. hxg6 $143 Kg7) 25... Bc6 (25... Rac8 26. Rxc8
Rxc8 27. Rh3) 26. hxg6 $1 Bxe4 27. Nxe4 Kg7 28. Rc7+ Kxg6 29. Rg1+ Kf5 30. f3
e5 $2 {This leads to a quick mate but after} (30... Rg8 31. Rxg8 Rxg8 32. Rc5+
Kf4 33. Rxa5 {White should win anyway.}) 31. Rg5+ Kf4 32. Kf2 Rf8 33. Rh7 1-0

[Event "POL-ch 54th"]
[Site "Sopot"]
[Date "1997.??.??"]
[Round "9"]
[White "Krasenkow, Michal"]
[Black "Macieja, Bartlomiej"]
[Result "1/2-1/2"]
[WhiteElo "2615"]
[BlackElo "2465"]
[Annotator "Krasenkow,M"]
[PlyCount "86"]
[EventDate "1997.03.18"]
[EventType "tourn"]
[EventRounds "15"]
[EventCountry "POL"]
[EventCategory "9"]
[SourceTitle "CBM 059"]
[Source "ChessBase"]
[SourceDate "1997.08.01"]
[SourceVersion "1"]
[SourceVersionDate "1997.08.01"]
[SourceQuality "1"]

1. c4 Nf6 2. d4 e6 3. Nf3 Bb4+ 4. Nbd2 b6 5. a3 Bxd2+ 6. Bxd2 Bb7 7. Bg5 d6 8.
e3 Nbd7 9. Qc2 Qe7 10. Rd1 h6 11. Bh4 g5 12. Bg3 Ne4 13. Nd2 $146 (13. d5)
13... Nxg3 (13... Ndf6 $5 {Macieja}) 14. hxg3 h5 15. b4 h4 16. gxh4 Rxh4 17.
Rxh4 gxh4 18. c5 bxc5 19. dxc5 dxc5 20. Ne4 Bc6 (20... cxb4 $2 21. Bb5 O-O-O $2
22. Nd6+ $18) (20... f5 $2 21. Rxd7 $1 Kxd7 22. Nxc5+ Kc8 23. Nxb7 Kxb7 24.
Ba6+ $1 Kb6 25. Qa4 $18) (20... Bd5 $5 21. Bc4 Bc6 $11) 21. Nxc5 (21. b5 Bd5
22. Bc4 Bb7) 21... Nxc5 22. Rc1 Bd5 23. Qxc5 Qxc5 24. Rxc5 O-O-O $1 $11 {<=>xg2
} 25. Ke2 (25. f3 h3 $11) 25... f5 26. f3 c6 27. Kf2 Kc7 28. Rc1 Kb6 29. Rd1
Rc8 (29... a5 30. Rd4 Rh8 $11) 30. Bd3 c5 $6 31. Bxf5 cxb4 32. axb4 (32. Rxd5
$4 exd5 33. Bxc8 bxa3 $19) 32... Bxf3 $1 33. Kxf3 (33. Rd6+ Rc6 34. Rxe6 Rxe6
35. Bxe6 Bc6 36. Bc4 Bb5 $11) 33... exf5 34. Rd4 Rh8 35. Rd5 h3 36. gxh3 Rxh3+
37. Kf4 Rh4+ 38. Kxf5 Rxb4 39. e4 Rb1 $1 (39... a5 $4 40. e5 $18) 40. e5 Rf1+
41. Ke6 (41. Kg6 Kc6 $11) 41... a5 42. Kd6 Rf8 $1 43. Ke7 Rf5 $1 1/2-1/2

[Event "EU-ch 16th"]
[Site "Jerusalem"]
[Date "2015.02.25"]
[Round "2"]
[White "Riazantsev, Alexander"]
[Black "Vocaturo, Daniele"]
[Result "0-1"]
[WhiteElo "2688"]
[BlackElo "2579"]
[Annotator "Krasenkow,M"]
[PlyCount "170"]
[EventDate "2015.02.24"]
[EventType "swiss"]
[EventRounds "11"]
[EventCountry "ISR"]
[SourceTitle "CBM 166"]
[Source "ChessBase"]
[SourceDate "2015.05.11"]
[SourceVersion "1"]
[SourceVersionDate "2015.05.11"]
[SourceQuality "1"]

1. d4 Nf6 2. Nf3 e6 3. c4 Bb4+ 4. Nbd2 O-O 5. a3 Be7 6. e4 d5 7. e5 Nfd7 8. Bd3
c5 9. Qc2 {For this line - see Grischuk - Filippov in CBM 162 annotated by GM
L.Ftacnik.} g6 (9... h6 {was played in the above-mentioned game. The text move
is more provocative: Black invites h2-h4-h5.}) 10. cxd5 $146 {[%mdl 8]} (10. h4
cxd4 11. cxd5 (11. h5 Nc5 12. cxd5 exd5 {- 11.cxd5} (12... Nxd3+ 13. Qxd3 Qxd5
14. Ne4 Nd7 15. Bh6 Re8 16. Bg5 b6 17. Bxe7 Rxe7 18. Nf6+ Nxf6 19. exf6 Rc7 20.
hxg6 fxg6 21. Kd2 Kf8 22. Rac1 $36 {1-0 (41) Can,E (2556)-Socko,M (2470)
Lisbon POR 2014})) 11... exd5 12. h5 Nc5 13. hxg6 Nxd3+ 14. Qxd3 fxg6 15. Nxd4
Bf5 16. Qb3 Na6 17. O-O Nc5 18. Qe3 Qb6 19. N2f3 Be4 20. b4 Nd3 $132 {0-1 (37)
Schreiner,P (2460)-Hamitevici,V (2467) Tromso 2014}) (10. O-O $5 Nc6 11. Re1
Nxd4 12. Nxd4 cxd4 13. cxd5 exd5 14. Nb3 Re8 {1/2 (54) Cmilyte,V (2497)
-Lomineishvili,M (2351) Belgrade 2013} 15. Nxd4 Nc5 16. Be2 $14) 10... exd5 11.
e6 fxe6 12. Bxg6 hxg6 13. Qxg6+ Kh8 {White has a perpetual. It is not easy to
find something more but GM Alexander Riazantsev had prepared a good attempt.}
14. Qh6+ Kg8 15. Qg6+ Kh8 16. Ne4 $1 Qe8 $2 (16... Rf5 $142 {although after}
17. Qh6+ Kg8 18. Qxe6+ Rf7 19. Nfg5 Bxg5 (19... Qf8 20. Nxf7 Qxf7 21. Nxc5) 20.
Bxg5 (20. Nxg5 $2 Qe7) 20... Qf8 21. Qxd5 Nb6 22. Qxc5 Bf5 23. Qxf8+ Rxf8 24.
Nd6 {White keeps some edge.}) 17. Qh6+ Kg8 18. Nfg5 Bxg5 19. Qxg5+ Kh7 20. Qh6+
Kg8 21. Qg5+ Kh7 22. Qh6+ Kg8 23. a4 $3 $18 {[%cal Ya1a3][%mdl 128] The rook
powerfully enters the game, which should bring White a brilliant victory.} Qe7
(23... dxe4 24. Ra3 $18) 24. Ra3 Rf7 25. Nd6 {White had a beautiful win:} (25.
Rg3+ Rg7 26. Bg5 Qf8 (26... Qf7 27. Bf6 $18) 27. Nd6 $3 Qxd6 28. Rh3 {, and
Black surprisingly has no defence against 29.Qh8+ Kf7 30.Rf3+.}) {The text
move is good, too. White had several ways to win on the following moves.} 25...
Rg7 26. Rg3 (26. Rh3 $5 Rh7 27. Nxc8 Qf7 28. Qg5+ Rg7 29. Qh4 Rh7 30. Qd8+ Qf8
31. Qg5+ Qg7 (31... Rg7 32. Qh4 {[%cal Rh4h8,Rc1h6]}) 32. Ne7+ Kf7 33. Rf3+ Ke8
34. Nxd5 $1 Qxg5 (34... exd5 35. Re3+) 35. Nc7+ Kd8 36. Nxe6+ $18) 26... Qf6 (
26... Nf6 27. Bg5 Nbd7 28. Ne8 $3 $18) 27. Rxg7+ (27. Qh5 $1 {[%cal Rd6e8,
Rd6c8]} Rxg3 28. hxg3 $18 {[%cal Gh1h8]}) 27... Qxg7 28. Qxe6+ Kh7 29. Qh3+ Kg8
30. Qe6+ Kh7 31. O-O (31. Nxc8 Qxg2 32. Qf7+ Kh8 33. Qh5+ Kg8 34. Ne7+ Kf8 35.
Qf5+ $1 Ke8 (35... Kxe7 36. Bg5+ Kd6 37. Qg6+ Kc7 38. Bf4+) 36. Qxd5 Qxd5 37.
Nxd5 $18) 31... Nc6 32. Qh3+ Kg8 33. Qe6+ Kh7 34. Qh3+ Kg8 35. Bh6 $6 (35. Re1
$1 Nde5 36. Nxc8 {, with a sufficient material advantage, was still quite
enough.}) 35... Qg6 36. Re1 $2 (36. dxc5 $16) 36... Nb6 $1 37. Nxc8 $2 {
Now it was time to force a perpetual:} (37. Re8+ $1 Kh7 (37... Qxe8 $4 38. Qg3+
) 38. Nxc8 Qxe8 39. Be3+) 37... Nxc8 38. Bc1 N8e7 39. dxc5 Rf8 {Black has
consolidated his position; his knight is not weaker than White's 3 pawns, and
his passed d-pawn is an important factor. White should not lose with accurate
play but the transmogrification of the position was killing for him.} 40. b4
Nf5 41. Qb3 Qf7 42. b5 Ncd4 43. Qd3 Qc7 44. Be3 (44. Bb2 Qxc5 45. Rd1 Re8 $1)
44... Re8 45. Rc1 Re4 (45... Qe5 $142) 46. c6 bxc6 47. bxc6 Nxe3 48. fxe3 Ne6
49. Qxd5 Rxe3 50. Rb1 Re5 51. Qc4 Qa5 52. Qg4+ Kf8 53. Rf1+ $6 {White should
not allow Black's king to the queenside!} (53. Qh4 $13) 53... Ke7 54. Kh1 Kd6
55. h3 Qc5 56. Qf3 Qxc6 {, and Black gradually won after mutual inaccuracies:}
57. Rd1+ Rd5 58. Re1 Qxa4 59. Qg3+ Kd7 60. Qg8 Re5 61. Rc1 Qd4 62. Qf7+ Kd6 63.
Qb7 Rd5 $2 (63... Ra5 $17) 64. Re1 $2 (64. Rc6+ Ke5 65. Qe7 Rd6 66. Rxd6 Qxd6
67. Qxa7 $11) 64... Nc7 65. Rc1 Rc5 66. Rb1 Kd7 67. Rf1 Rc6 68. Qb3 Qc4 69. Qf3
Kc8 70. Rb1 Rb6 71. Ra1 Kb8 72. Qe3 Qd5 73. Qa3 a6 74. Rc1 Kb7 75. Qe7 Rc6 76.
Rb1+ Ka7 77. Qb4 Nb5 78. Re1 Kb6 79. Qf8 Kb7 80. Qe7+ Rc7 81. Qf6 Rh7 82. Re6
$4 {[%mdl 8192] This blunder ends the game.} (82. Kh2 $142 Rf7 ({the endgame
after} 82... Qd6+ 83. Qxd6 Nxd6 84. g4 {is not so clear}) 83. Qa1 {continuing
resistance.}) 82... Rxh3+ 83. Kg1 Qc5+ 84. Kf1 Rh1+ 85. Ke2 Nd4+ 0-1

[Event "Tata Steel-A 77th"]
[Site "Wijk aan Zee"]
[Date "2015.01.20"]
[Round "9"]
[White "Wojtaszek, Radoslaw"]
[Black "Ivanchuk, Vassily"]
[Result "1/2-1/2"]
[WhiteElo "2744"]
[BlackElo "2715"]
[Annotator "Krasenkow,M"]
[PlyCount "72"]
[EventDate "2015.01.10"]
[EventType "tourn"]
[EventRounds "13"]
[EventCountry "NED"]
[EventCategory "20"]
[SourceTitle "CBM 165"]
[Source "ChessBase"]
[SourceDate "2015.03.11"]
[SourceVersion "1"]
[SourceVersionDate "2015.03.11"]
[SourceQuality "1"]

1. d4 Nf6 2. c4 e6 3. Nf3 Bb4+ 4. Nbd2 a5 $6 {This move was not examined in my
article (see CBM 164). It prevents b2-b4 but it is not worth wasting a tempo.}
5. a3 Be7 (5... Bxd2+ 6. Bxd2 a4 7. Qc2 {[%cal Ye2e4] is rather favourable for
White, e.g.} d6 (7... d5 8. Bg5 Nbd7 9. e3 c6 10. Bd3 Qa5+ 11. Qd2 Ne4 12. Qxa5
Rxa5 13. Bf4 Ke7 14. Ke2 f6 {1/2 (39) Gasanov,E (2550)-Iljiushenok,I (2314)
Khanty-Mansiysk 2008} 15. cxd5 exd5 16. Nd2 $14 {^^}) 8. e4 Nc6 (8... e5 9.
dxe5 dxe5 10. Bc3 Nc6 11. Nxe5 Nxe5 12. Bxe5 O-O 13. f3 Nd7 14. O-O-O Nxe5 15.
Rxd8 Rxd8 16. Qc3 Nc6 17. Bd3 $16 {1-0 (45) Sakaev,K (2672)-Winants,L (2535)
Warsaw 2005}) 9. Bc3 Qe7 10. e5 dxe5 11. dxe5 Nd7 12. Qe4 Nc5 13. Qg4 Qf8 14.
Rd1 Bd7 15. Be2 O-O-O 16. O-O f5 17. Qf4 h6 18. Bb4 b6 19. Nd4 Nxd4 20. Rxd4
Bc6 21. Rxd8+ Qxd8 22. Bxc5 bxc5 23. Bf3 $14 {1/2 (34) Mchedlishvili,M (2564)
-Winants,L (2529) Belgium 2005}) 6. e4 d5 (6... d6 7. Be2 Nfd7 8. Nb1 $1 d5 9.
Nc3 dxe4 10. Nxe4 Nf6 11. Qc2 Nbd7 12. Nxf6+ Nxf6 {1/2 (46) Lalith,B (2585)
-Kunte,A (2439) Kolkata 2014} 13. O-O b6 14. Bf4 $14) 7. e5 Nfd7 (7... Ne4 8.
Qc2 $5 $14) 8. cxd5 (8. Bd3 {is more standard but equally good:} c5 9. O-O Nc6
10. Re1 cxd4 11. cxd5 {0-1 (40) Gelfand,B (2743)-Ivanchuk,V (2704) Beijing 2014
} exd5 12. Nb3 O-O 13. Nbxd4 $14) 8... exd5 9. Nb1 $5 {[%mdl 32] A good idea:
if Black plays ...c7-c5, White's knight on c3, attacking the d5-pawn and
aiming to b5, will be very powerful.} Nb6 (9... c5 10. Nc3 $1 (10. dxc5 $143
Nxc5 11. Nc3 Be6 12. Bb5+ Nc6 13. O-O O-O 14. Be3 Rc8 15. Rb1 Nd7 16. Nxd5
Ndxe5 17. Nxe7+ Qxe7 18. Nxe5 Nxe5 19. Re1 Nc4 20. Qa4 Nxe3 21. Rxe3 b6 $11 {
1/2 (28) Nakamura,H (2753)-Ivanchuk,V (2765) Sao Paulo/Bilbao 2011}) 10... cxd4
11. Qxd4 O-O 12. Qxd5 {, and Blacek does not hav sufficient compensation for
the pawn.}) 10. Nc3 Nc6 11. h3 (11. Bd3 Bg4 12. Be3 {[%cal Yh2h3] is more
accurate. If} Qd7 {then possibly} 13. Qc2 $5) 11... Bf5 12. Bd3 Bxd3 13. Qxd3
a4 14. O-O O-O 15. Re1 (15. Bf4 $5 {[%cal Ya1e1]}) 15... Qd7 16. Bg5 $6 {
[%mdl 32] The idea of exchanging the dark-squared bishops is probably wrong
since White has a space advantage and should only agree to very favourable
exchanges. Now Black gradually equalises.} Nd8 17. Bxe7 Qxe7 18. Nh2 (18. Nd1
$5 {[%cal Yd1e3]}) 18... Ne6 19. Ng4 Qg5 (19... c6 $5 {[%cal Yb6c4]}) 20. Re3
Qg6 21. Qd1 Kh8 22. Rg3 {White has activated his rook but it doesn't bring him
any real benefit.} Qh5 23. Qd3 Qg6 24. Qd1 Qh5 25. Qd3 c6 {Black doesn't want
a draw!} 26. Ne3 {Preventing ...Nc4.} f5 27. exf6 gxf6 $6 {It was not
necessary for Black to weaken his pawn structure.} (27... Rxf6 $142 28. Ng4 Rf4
29. Ne2 Re4 30. Nc3 $140 Rf4 $11) 28. Nf5 Nc4 29. Qc2 b5 30. Rg4 (30. Ne2 $142
Rae8 31. Rg4) 30... Rae8 (30... Rg8 {[%cal Yg8g5,Rg8g4] was a better way to
solve Black's problems.}) 31. Ne2 Qf7 32. Neg3 Qd7 33. Re1 Nc7 34. Rxe8 Nxe8
35. Qc1 Rg8 36. Rh4 Rg5 {White keeps some pressure but GM Radoslaw Wojtaszek
didn't want to take any risk.} (36... Rg5 37. Nh6 $14 {[%cal Yh6g4]}) 1/2-1/2

[Event "Biel GM 43rd"]
[Site "Biel"]
[Date "2010.07.28"]
[Round "9"]
[White "Rodshtein, Maxim"]
[Black "Tomashevsky, Evgeny"]
[Result "1/2-1/2"]
[WhiteElo "2609"]
[BlackElo "2708"]
[Annotator "Krasenkow,M"]
[PlyCount "119"]
[EventDate "2010.07.19"]
[EventType "tourn"]
[EventRounds "9"]
[EventCountry "SUI"]
[EventCategory "17"]
[SourceTitle "CBM 138"]
[Source "ChessBase"]
[SourceDate "2010.09.17"]
[SourceVersion "1"]
[SourceVersionDate "2010.09.17"]
[SourceQuality "1"]

1. d4 Nf6 2. c4 e6 3. Nf3 Bb4+ 4. Nbd2 O-O 5. a3 Be7 6. e4 d6 (6... d5 {
is played almost "authomatically" but the text move is also possible. White
keeps a small edge due to his space advantage but there is still a lot of
fight.}) 7. Be2 (7. Bd3 {looks more active:} Nbd7 (7... Nc6 8. b4 e5 9. d5 Nb8
10. Nb3 h6 11. h3 Nh7 12. Qc2 Nd7 13. Bd2 Ng5 14. Nh2 Nf6 15. Rc1 c6 16. h4
Ngh7 {0-1 Ftacnik,L (2574)-Vokac,M (2505)/Czechia 2002/EXT 2003 (81)} 17. O-O
$14) (7... c5 8. d5 e5 9. Nf1 a6 10. a4 a5 11. h3 Na6 12. g4 Nb4 13. Ng3 Ne8
14. Ke2 Nxd3 15. Qxd3 Nc7 16. Be3 Re8 17. Rag1 Bf8 18. Nd2 Na6 19. Nb1 Bd7 20.
Nc3 $14 {1-0 Gual Pascual,A (2447)-Dickl,E (2197)/Sabadell 2009/EXT 2010 (33)})
8. b4 (8. O-O e5 9. b3 (9. b4 exd4 10. Nxd4 Ne5 11. Bb1 c5 12. Ne2 Be6 13. bxc5
Nxc4 14. Nf4 Bg4 15. Qc2 Ne5 $11 {1/2 Meister,Y (2415)-Makarov,M (2480)/
Kuibyshev 1990/CBM 021/[Schussler] (40)}) (9. Re1 c5 10. dxc5 Nxc5 11. Bc2 Bd7
12. Nf1 a6 13. Ng3 b5 14. cxb5 axb5 15. Be3 Qb8 16. Qd2 Rd8 $13 {1/2
Shinkevich,V (2457)-Andreikin,D (2402)/St Petersburg 2003/EXT 2004 (27)}) 9...
Re8 10. Bb2 Bf8 11. Re1 a5 12. Bf1 g6 13. Qc2 exd4 14. Nxd4 c6 15. Rad1 Qc7 16.
b4 axb4 17. axb4 Bg7 18. Bc3 Nf8 19. Qb2 Qe7 20. N4f3 Bg4 21. h3 Bxf3 22. Nxf3
Rad8 23. e5 $1 $14 {1/2 Mohr,S (2470)-Keitlinghaus,L (2410)/Germany 1988/
GER-chT (39)}) 8... e5 9. Bb2 exd4 10. Nxd4 Ne5 (10... c5 11. Nf5 Ne5 12. Nxe7+
Qxe7 13. Be2 Nc6 14. b5 Nd4 15. f3 Nh5 16. Bxd4 cxd4 17. O-O Qg5 {1-0 Dreev,A 
(2670)-Petursson,M (2565)/London 1995/CBM 049 ext (81)} 18. Nb3 $1 Nf4 19. g3
$14) 11. Be2 c5 (11... Nh5 12. g3 Bh3 13. Qc2 Nf6 14. f4 Ng6 15. Bf1 Bxf1 16.
Kxf1 Re8 17. Kg2 Qd7 18. Rhf1 $16 {1-0 Damnjanovic,R (2244)-Zhdanenia,K (2196)/
IECG 2005/Telechess 117 (39)}) 12. Nc2 b6 13. Ne3 Bb7 14. Qc2 Nc6 15. Nf5 Bc8
16. Nxe7+ Qxe7 17. b5 Nd4 18. Bxd4 cxd4 19. Qd3 Bb7 20. f3 Nh5 21. g3 f5 22.
O-O fxe4 23. fxe4 Nf6 24. Qxd4 Nxe4 25. Nxe4 Qxe4 26. Qxe4 Rxf1+ 27. Bxf1 Bxe4
28. Re1 $14 {1/2 Malaniuk,V (2495)-Khalifman,A (2490)/Kiev 1986/URS-ch (42)}) (
{The other options are less promising:} 7. b4 a5 8. b5 e5 $1 9. dxe5 dxe5 10.
Bb2 Nbd7 11. Nxe5 Nxe5 12. Bxe5 Bc5 13. Be2 Qe7 14. Bxf6 gxf6 (14... Qxf6 15.
O-O Rd8 $44) 15. Qc1 f5 16. O-O fxe4 17. Nxe4 {1-0 Georgiev,K (2666)-Arsovic,Z
(2441)/Struga 2005/CBM 108 ext (49)} Qxe4 18. Qg5+ Kh8 19. Qxc5 Rg8 20. f3 Qxe2
21. Qd4+ Rg7 $11) (7. b3 e5 8. Bb2 exd4 9. Nxd4 Re8 10. Bd3 Ng4 11. O-O Bf6 12.
Qb1 c5 13. Ne2 Nc6 14. h3 Bxb2 15. Qxb2 Nge5 $13 {0-1 Papin,V (2483)-Ovetchkin,
R (2556)/Voronezh 2008/CBM 125 Extra (36)}) 7... Nbd7 (7... c5 $5 8. d5 e5 9.
b4 Nbd7 10. O-O b6 11. Qc2 Ne8 12. Bb2 g6 13. Ne1 Ng7 14. Nd3 f5 15. exf5 Nxf5
16. Ne4 Nf6 17. Bf3 Bd7 18. Nxf6+ Bxf6 19. Be4 Nd4 20. Bxd4 cxd4 $13 {0-1
Christiansen,L (2575)-Vidarsson,J (2305)/Reykjavik 1988/TD (75)}) 8. O-O e5 (
8... c5 9. d5 e5 10. Ne1 Ne8 11. Nd3 g6 12. b4 f5 13. Bb2 Bf6 14. Rb1 Qe7 15.
Re1 b6 16. Bc3 $14 {1-0 Ostenstad,B (2405)-Roelvaag,M/Gausdal 1988/EXT 1997 
(40)}) (8... a5 $5 9. b3 e5 10. Bb2 exd4 11. Nxd4 Nc5 (11... Re8 12. f4 Bf8 13.
Bf3 c6 14. Qc2 g6 15. Kh1 Bg7 16. b4 Nf8 17. c5 d5 18. e5 Ng4 $132 {0-1
Ligterink,G (2445)-Khalifman,A (2530)/Rotterdam 1988/CBM 009 (35)}) 12. Qc2 Re8
13. b4 Ne6 14. f4 Bf8 15. h3 c6 16. Kh1 axb4 17. axb4 Rxa1 18. Bxa1 Nxd4 19.
Bxd4 d5 $132 {0-1 Mittendorf,F (2209)-Janoschka,A (2260)/Bruchkoebel 2002/EXT
2003/[Hoehne,V/Loukas,T] (34)}) 9. b4 (9. Qc2 exd4 10. Nxd4 Re8 11. b4 a5 12.
Bb2 Bf8 13. Nf5 g6 14. Ne3 Bg7 15. Bc3 c6 16. Rad1 Qe7 17. Rfe1 axb4 18. axb4
Qf8 19. Bf1 b6 20. f3 Bb7 21. Qb2 Ra7 22. c5 dxc5 23. bxc5 bxc5 24. Ndc4 $14 {
1/2 Potkin,V (2626)-Tomashevsky,E (2708)/Irkutsk RUS 2010/The Week in Chess
825 (36)}) 9... exd4 10. Nxd4 a5 11. Bb2 Re8 12. f3 Bf8 13. Qc2 c6 14. Kh1 axb4
15. axb4 Rxa1 16. Bxa1 Ne5 17. Rd1 g6 18. Bf1 Bg7 19. N2b3 $14 {A typical KI
position has arisen. Black will now aim for ...f7-f5, and White will
strengthen his centre and try to meet ...f7-f5 with a counter-attack on
Black's kingside.} Qe7 20. Bc3 Nh5 21. Qc1 f5 22. exf5 gxf5 23. Ne2 (23. Re1 $5
f4 24. c5) 23... Qf7 24. Nf4 Nxf4 25. Qxf4 Be6 26. Nd4 Bd7 27. Ne2 (27. Re1
$142) 27... Nxc4 28. Bxg7 Kxg7 29. Ng3 Ne3 (29... d5 $142 30. Bxc4 dxc4 31.
Nh5+ $1 Kg8 (31... Kg6 $6) 32. Qg5+ Kh8 33. Nf6 Re7 {[%cal Yc4c3] , and Black
holds on.}) 30. Rxd6 Nxf1 31. Nxf1 $16 {White has restored material balance
and stands clearly better due to Black's poorly protected king.} Kg8 32. h4 Be6
33. Ng3 Kh8 34. Kh2 Qg6 35. h5 Qf7 36. h6 Kg8 37. Ne2 Qh5+ 38. Kg1 Kf7 39. Ng3
Qg6 40. Rd2 (40. Ne4 $142 $18 {[%cal Re4c5,Re4g5]}) 40... Qf6 41. Nh5 Qg6 42.
Ng7 Re7 43. Rd6 Qf6 44. Kh2 Kg6 45. Kg3 Kf7 46. Kh2 {White fails to find the
right way to a win:} (46. Kh3 $142 $22 {[%mdl 32768]} Kg6 (46... Kf8 47. Nh5 (
47. Qh4 $5) 47... Qa1 (47... Qg6 48. g4 $1 $18 {[%cal Rh5g7]} Rd7 $140 49. Ng7
$1) 48. Rd8+ Re8 49. Qd6+ Kf7 50. Rxe8 Qh1+ 51. Qh2 Qxh2+ 52. Kxh2 Kxe8 53.
Nf6+ Kf7 54. Nxh7 $18 {_|_}) 47. Qh4 $1 (47. b5 $5 cxb5 48. Rb6 Kf7 49. Nxe6
Rxe6 50. Rxb7+ Kf8 51. Rxh7 $18) 47... Qxh4+ 48. Kxh4 Kf6 49. f4 $22 Kf7 50.
Kg5 $18) 46... Kg6 47. g4 $2 {This break is wrong.} (47. Kh3 Kf7 48. g3 $5 {
was interesting} (48. Qh4 f4+ 49. Nxe6 Qxh4+ 50. Kxh4 Rxe6 {and}) (48. Nh5 Qg6
49. g4 Rd7 {are not convincing})) ({But the simplest course was} 47. Kg3 $1 Kf7
48. Kh3 $22 {- see annotation to move 46.}) 47... fxg4 48. Nxe6 Rxe6 49. Qxg4+
Kf7 50. Rxe6 Qxe6 {[%mdl 4096]} 51. Qg7+ Ke8 52. Qh8+ Ke7 53. Qxh7+ Qf7 $1 {
Surprisingly, White can't win this ending!} 54. Qe4+ (54. Qxf7+ Kxf7 55. Kg3
Kg6 56. Kf4 Kxh6 57. Ke5 b6 $1 $11 {[%cal Yc6c5]}) 54... Kf6 55. Qg4 (55. h7
Kg7) 55... Qh7 56. Qf4+ Kg6 57. Qd6+ Kh5 58. Qe6 Qc2+ 59. Kh3 Qg6 60. Qe5+
1/2-1/2